| 000 | 01136nam a2200325 a 4500 | ||
|---|---|---|---|
| 001 | 000023900 | ||
| 003 | DO-SdBNP | ||
| 005 | 20211025140646.0 | ||
| 007 | ta | ||
| 008 | 110117s1979 dr 000 0 spa d | ||
| 020 | _z84000516 | ||
| 040 |
_aDO-SdBNP _bspa _cBNPHU |
||
| 082 | 4 |
_a781.1 _bB716e 1979 _222 |
|
| 100 | 1 |
_aBonnelly de Díaz, Aida, _d1926-2013 _918734 |
|
| 245 | 1 | 0 |
_aEn torno a la música : _bguía para la apreciación musical / _cAida Bonnelly de Díaz. |
| 250 | _a2a ed. | ||
| 260 |
_aSanto Domingo : _bTaller, _c1979. |
||
| 300 |
_a181 p. ; _c24 cm. |
||
| 490 | 1 |
_aBiblioteca Taller _v101 |
|
| 500 | _aIncluye glosario de términos , p. 171-178 | ||
| 504 | _aBibliografía : p.181. | ||
| 590 | _aPerteneció a la biblioteca personal de Juan Isidro Jimenes Grullón | ||
| 590 | _aInventariado, 2018/LP | ||
| 590 | _aEl ejemplar uno esta autografiado por la autora | ||
| 650 | 1 | 4 |
_aApreciación musical _92776 |
| 650 | 1 | 4 |
_aMúsica dominicana _xHistoria _ySiglo XX _949161 _vManuales |
| 830 | 0 |
_aBiblioteca Taller ; _n101 _949162 |
|
| 910 | _aVMateo / Validado. Control de calidad BNPHU | ||
| 942 |
_2ddc _cLBS1 |
||
| 999 |
_c23396 _d23396 |
||